| 000 | 004750000a22001930004500 | ||
|---|---|---|---|
| 001 | 002669 | ||
| 003 | MACL | ||
| 005 | 20150823111709.0 | ||
| 008 | 150823b xxu||||| |||| 00| 0 eng d | ||
| 040 |
_aMACL _cMACL |
||
| 041 | _aEnglish | ||
| 082 | _a632/KHA | ||
| 100 |
_aKhanna, Sunil _96891 |
||
| 245 |
_aWealth From Waste _cSunil Khanna |
||
| 260 |
_aNew Delhi _c1995 _bTata Energy Research Institute, |
||
| 350 | _a450 | ||
| 650 |
_aPlants _95537 |
||
| 942 |
_k632 _cBK _2ddc |
||
| 999 |
_c14578 _d14578 |
||